| 000 | 00648nam a2200217 a 4500 | ||
|---|---|---|---|
| 005 | 20140412111347.0 | ||
| 008 | 041110s19uu xx 00 eng d | ||
| 020 | _a0-88309-651-x | ||
| 050 |
_aM 025.5 _bR61 1991 |
||
| 100 | _aRodgers, Molly | ||
| 245 |
_aStudy skills : _bUsing books and libraries / _cMolly Rodgers. |
||
| 260 |
_aOhio : _bELP, _c1991. |
||
| 300 | _a96 | ||
| 520 | _aDictionary skills--Parts of the book--Kinds of books--Library skills | ||
| 650 | _aLibrary instruction--Juvenile literature | ||
| 650 | _aLibrary skills-- Juvenile literature | ||
| 999 |
_c105219 _d105219 |
||